Bible A-Z - Statistics

General Stats
  • This quiz has been taken 18 times
  • The average score is 32 of 49
Answer Stats
Hint Answer % Correct
A) The first male that God created Adam
100%
B) Birthplace of Jesus Bethlehem
100%
N) Descendant of Adam and Eve who was commandedby God to construct a massive ark Noah
100%
C) He killed his brother in a jealous rage Cain
93%
D) 2nd King of Israel who united Israeli tribes David
93%
E) Day of Christian celebration of Jesus'Resurrection Easter
93%
F) God is considered the _____ of Jesus Father
93%
N) Town in Galilee where Jesus was raised Nazareth
93%
W) Jesus turned water into _____ as the first miracle Wine
93%
A) Son of the above who was killed by his brother Abel
87%
G) Biblical giant slain by king David Goliath
87%
I) Son of Abraham who was almost sacrificedas a test of God Isaac
87%
J) Swallowed by a giant fish for refusing Gods will Jonah
87%
L) Prophet who was raised from the deadby Jesus Lazarus
87%
R) The final book of the Bible Revelation
87%
T) Apostle who earned the name "doubting" for hisskepticism of the resurrection Thomas
87%
E) Important river in Mesopotamia Euphrates
80%
F) To refrain from eating or eating a certainfood for religious purposes Fast
80%
H) Wicked king who tried to kill Jesus Herod
80%
I) Aka the Holy Land of exiting Jews Israel
80%
Q) Small bird that God provided for the Israelitesas food Quail
80%
L) 3rd book that describes how Israelitescan live in the holy presence of God Leviticus
73%
P) Holy Jewish holiday celebrating the Israelitesescape from Egyptian persecution Passover
73%
S) The 7th day of rest in Christianity Sabbath
73%
P) Also called Saul, he was a Christian persecutor untilbeing converted by God with a blinding light Paul
67%
R) What happened to Jesus on the 3rd day afterdeath, celebrated on Easter Resurrection
67%
V) Bethlehem was one of these, or a small town Village
67%
W) To honor/pray in a church or religious area Worship
67%
Z) Another name for the city of Jerusalem Zion
67%
D) Another name for Gods followers Disciple
60%
G) Ancient city destroyed by God with firedue to wickedness and sin Gomorrah
60%
H) Ancient Israeli script Hebrew
60%
M) Patriarch who supposedly lived for969 years Methuselah
60%
S) 3rd son of Adam and Eve of whom Noah wasa descendant Seth
60%
T) List of laws given by God to Moses on Mt Sinai Ten Commandments
60%
X) Persian king also known as Ahasuerus Xerxes
60%
M) Close companion of Jesus who was the first to discover his empty tomb Mary Magdalene
53%
B) Ancient Iraqi city south of Baghdad Babylon
47%
O) The ancient books of the Biblical canon Old Testament
47%
C) This is my _________ with you and your descendants after you" Covenant
40%
O) The act of bestowing priesthood upon someoneto practice preaching Ordain
40%
J) The land of the Jews in modern day Israel Judea
33%
U) Type of bread that symbolizes purity and removalof sin Unleavened
33%
Q) She tested king Solomons wisdom with difficultquestions and rewarded him with gold and treasures Queen of Sheba
13%
U) Hittite who was loyal to Israel and king David Uriah
13%
V) Queen of ancient Persia Vashti
13%
Z) The 11th of the 12 Hebrew minor prophets Zechariah
13%
K) 2nd wife of Abraham who had 6 sons Keturah
7%
K) Daughter of Job whose name symbolizesfragrance and beauty Kezia
7%
No matching quizzes found
Score Distribution
Percent of People with Each Score
Percentile by Number Answered
Your Score History
You have not taken this quiz